000 00290nam a2200121 a 4500
008 110104s1988|||| d
100 1 _aLenin, Vladimir Iľjič
245 1 0 _aZobrané spisy./Zv./41
260 _bPravda
_aBratislava
_c1988
020 _c19
041 _aslo
044 _axo
_cSK
999 _c15456
_d15456